| 000 | 01496nam a2200217Ia 4500 | ||
|---|---|---|---|
| 003 | Ost | ||
| 005 | 20260416102400.0 | ||
| 008 | 260416s9999||||xx |||||||||||||| ||und|| | ||
| 040 | _cfsecg | ||
| 041 | _aara | ||
| 082 | _a306.35 | ||
| 100 |
_aهمال، عبد المالك _eمؤلف |
||
| 245 | 0 |
_a علم اجتماع المنظمات : _bالسنة أولى جذع مشترك / _cعبد المالك همال |
|
| 260 |
_aالجزائر _bجامعة الجزائر3: كلية العلوم الإقتصادية، العلوم التجارية وعلوم التسيير _c2022 |
||
| 300 |
_a116 ورقة _bايضاحات _c12 سم |
||
| 504 | _aالمراجع ص.115 | ||
| 520 | _aمدخل تاريخي لتتبع مراحل نشأة ودور علم اجتماع المنظمات،يخص الدراسة السوسيولوجية للمنظمة على ضوء علم اجتماع المنظمات،أهم المرتكزات والمقاربات النظرية التنظيمية التي تثير سؤال الأداءالوظيفي،يهتم بتحليل نسق الثقافة التنظيمية والفعالية التنظيمية، يناقش ويحلل نظرياً السلوك التنظيمي في إطار سوسيولوجيا العمل. | ||
| 653 | _aالاجتماع التنظيمي-علم | ||
| 710 |
_aجامعة الجزائر3: كلية العلوم الإقتصادية، العلوم التجارية وعلوم التسيير _eناشر علمي |
||
| 942 | _cHANDOUT | ||
| 999 |
_c41378 _d41378 |
||